Education for musical growth / (Record no. 17802)
[ view plain ]
| 000 -LEADER | |
|---|---|
| fixed length control field | 00826cam a22002771 4500 |
| 001 - CONTROL NUMBER | |
| control field | 17802 |
| 003 - CONTROL NUMBER IDENTIFIER | |
| rucl marc code | BD-RjUL |
| 005 - DATE AND TIME OF LATEST TRANSACTION | |
| control field | 20211209000208.0 |
| 008 - FIXED-LENGTH DATA ELEMENTS--GENERAL INFORMATION | |
| fixed length control field | 140219s1948 maug b 001 0 eng |
| 035 ## - SYSTEM CONTROL NUMBER | |
| System control number | (BD-RjUL)17860 |
| System control number | (OCoLC)375130 |
| 040 ## - CATALOGING SOURCE | |
| Original cataloging agency | DLC |
| Transcribing agency | OAU |
| Modifying agency | InU |
| -- | OCoLC |
| -- | DLC |
| -- | BD-RjUL |
| Language of cataloging | eng |
| 041 ## - LANGUAGE CODE | |
| Language code of text/sound track or separate title | eng |
| 082 ## - DEWEY DECIMAL CLASSIFICATION NUMBER | |
| Classification number | 780.7 |
| Author mark and year | MUE |
| 100 1# - MAIN ENTRY--PERSONAL NAME | |
| Personal name | Mursell, James L. |
| Fuller form of name | (James Lockhart), |
| Dates associated with a name | 1893-1963. |
| 9 (RLIN) | 54924 |
| 245 10 - TITLE STATEMENT | |
| Title | Education for musical growth / |
| Statement of responsibility, etc. | James L. Mursell. |
| 260 ## - PUBLICATION, DISTRIBUTION, ETC. (IMPRINT) | |
| Place of publication, distribution, etc. | Boston : |
| Name of publisher, distributor, etc. | Ginn, |
| Date of publication, distribution, etc. | 1948. |
| 300 ## - PHYSICAL DESCRIPTION | |
| Pagination | viii, 342 p. : |
| Illustrations | music ; |
| Size | 24 cm. |
| 504 ## - BIBLIOGRAPHY, ETC. NOTE | |
| Bibliography, etc | Includes index. |
| 650 #0 - SUBJECT ADDED ENTRY--TOPICAL TERM | |
| Topical term or geographic name as entry element | Music |
| General subdivision | Instruction and study. |
| 9 (RLIN) | 54925 |
| Topical term or geographic name as entry element | Music |
| General subdivision | Psychological aspects. |
| 9 (RLIN) | 54926 |
| Topical term or geographic name as entry element | Educational psychology. |
| 9 (RLIN) | 54927 |
| 942 ## - ADDED ENTRY ELEMENTS (KOHA) | |
| Source of classification or shelving scheme | Dewey Decimal Classification |
| Koha item type | Books |
| Lost status | Source of classification or shelving scheme | Damaged status | Not for loan | Collection code | Permanent Location | Current Location | Shelving location | Date acquired | Source of acquisition | Cost, normal purchase price | Total Checkouts | Full call number | Date last seen | Copy number | Koha item type |
|---|---|---|---|---|---|---|---|---|---|---|---|---|---|---|---|
| Dewey Decimal Classification | Not For Loan | Non-fiction | Central Library, University of Rajshahi | Central Library, University of Rajshahi | Reading Room | 20/02/1958 | U. S. I. S. Dhaka Gift | 0.00 | 780.7 MUE 1948 | 19/02/2014 | C-1 | Books |